日本の島 Islands in Japan - Statistics

General Stats
  • This quiz has been taken 370 times
  • The average score is 13 of 20
Answer Stats
Picture Answer % Correct
佐渡島
97%
択捉島
94%
淡路島
91%
沖縄島
87%
対馬
86%
国後島
81%
種子島
79%
小豆島
76%
奄美大島
75%
屋久島
74%
隠岐
70%
礼文島
62%
五島列島
62%
石垣島
59%
壱岐
49%
奥尻島
48%
利尻島
41%
色丹島
39%
西表島
35%
天草下島
24%
No matching quizzes found
Score Distribution
Percent of People with Each Score
Percentile by Number Answered
Your Score History
You have not taken this quiz